| 000 | 01124nam a2200265 i 4500 | ||
|---|---|---|---|
| 001 | 38855 | ||
| 003 | ES-MaACL | ||
| 005 | 20251114105018.0 | ||
| 007 | t| | ||
| 008 | 030226s1889 sp ||||1| spa d | ||
| 100 | 1 |
_aCalvete de Estrella, Juan Cristobal. _933818 |
|
| 245 | 1 | 0 |
_aRebelión de Pizarro en el Perú y vida de D. Pedro Gasca / _cJuan Cristobal Calvete Estrella ; publicadas por A. Paz y Melia. |
| 260 |
_a[S.l. : _bs.n., _c1889] ( _eMadrid : _fImp. de M. Tello) |
||
| 300 |
_a2 v. (XXVIII, 465; 570 p. ; _c17 cm. |
||
| 490 | 1 |
_aColección de escritores castellanos ; _v70, 76 |
|
| 530 | _aDisponible en formato digital. | ||
| 600 | 1 | 7 |
_aPizarro, Gonzalo, _d1502-1548 _2 _9155316 |
| 600 | 1 | 4 |
_aGasca, Pedro de la ( _d1485-1567) _9155317 |
| 651 | 4 |
_aPerú- _xHistoria- _yDescubrimiento y conquista, 1522-1548. _99226 |
|
| 700 | 1 |
_aPaz y Meliá, A., _d1842-1927 _989789 |
|
| 830 | 0 |
_aColección de escritores castellanos ; _v70, 76 _9180741 |
|
| 852 |
_aES-MaACL _jF-12431-32 |
||
| 856 |
_uhttp://bdh-rd.bne.es/viewer.vm?id=0000048899&page=1 _zBiblioteca Digital Hispánica |
||
| 999 |
_c38855 _d38855 |
||